Teórie začleňovania minorít do spoločnosti

Pohľadu integrácie na minority v komparácii s imigrantmi vo vybraných krajinách sveta. Integračné politiky jednotlivých krajín sú premietané do integrácie rómskeho etnika a v možnostiach začlenenia minority do spoločnosti procesom socializácie.

Saved in:
Bibliographic Details
Main Author: Balážová, Zuzana
Format: Book Chapter
Language:Slovak
Subjects:
Tags: Add Tag
No Tags, Be the first to tag this record!

MARC

LEADER 00000naa a2200000 4500
001 0134643
005 20220519112928.0
041 0 |a slo 
044 |a CZ 
245 1 0 |a Teórie začleňovania minorít do spoločnosti  |c Zuzana Balážová 
520 |a Pohľadu integrácie na minority v komparácii s imigrantmi vo vybraných krajinách sveta. Integračné politiky jednotlivých krajín sú premietané do integrácie rómskeho etnika a v možnostiach začlenenia minority do spoločnosti procesom socializácie. 
610 2 0 |a socializácia 
610 2 0 |a integrácia 
610 2 0 |a menšiny národnostné 
610 2 0 |a imigrácia 
610 2 0 |a Rómovia 
610 2 0 |a zvyklosti kultúrne 
100 1 |a Balážová, Zuzana